000 01016nam a2200313 i 4500
001 bgj
100 1 _aJAMES, Henry
_d(1843-1916)
245 1 0 _aLiterary criticism.
_nVol. 1 /
_cHenry James ; [ed. by] Leon Edel with the assistance of Mark Wilson.
250 _a[2nd print.].
260 _aNew York :
_bLiterary Classics of the United States,
_cc. 1984.
300 _a1484 pp ;
_c21 cm.
490 1 _aThe Library of America ;
_v22
505 _aContents: Essays on literature; American writers; English writers.
505 _aIncludes index.
650 9 _aLiterature
655 _aAddresses, essays, lectures
700 1 _aEDEL, Leon.
_eeditor
700 1 _aWILSON, Mark.
_eeditor
740 0 2 _aEssays on literature
740 0 2 _aAmerican writers
740 0 2 _aEnglish writers
830 _aThe Library of America ;
020 _a0940450224 (hbk, jacket)
040 _cBPK
041 0 _aeng
920 _a0-940450-22-4 (hbk, jacket)
942 _cKS
008 s uk f |000 0 eng
999 _c47225
_d47225
856 _uhttp://koha.tu.koszalin.pl/cgi-bin/koha/opac-detail.pl?biblionumber=47225
_yKatalog online BPK